La cadena agroindustrial de cebada, malta, cerveza , propuesta para la renegociacin̤ del TLCAN y polt̕ica de fomento para su reconstruccin̤

La corona de las exportaciones agroalimentarias de Mx̌ico es la cerveza. Casi mil millones de dl̤ares o el 12% de las divisas generadas por ese sector se obtienen a travš de las ventas de cerveza al exterior (Cuadro 1A del Anexo en el documento). No obstante, el beneficio real para el pas̕ es mn̕im...

ver descrição completa

Na minha lista:
Detalhes bibliográficos
Outros Autores: Schwentesius Rindermann Rita, Aguilar ℓvila Jorge, Gm̤ez Cruz Manuel ℓngel, CIESTAAM
Formato: Livro
Idioma:espanhol
Assuntos:
Acesso em linha:La cadena agroindustrial de cebada, malta, cerveza , propuesta para la renegociacin̤ del TLCAN y polt̕ica de fomento para su reconstruccin̤
Tags: Adicionar Tag
Sem tags, seja o primeiro a adicionar uma tag!

MARC

LEADER 00000nam a22000004a 4500
001 vpro1901
005 20201223000000.0
008 120824s2007 ck # g## #001 0#spa#d
020
022
040 |a CO-BoINGC 
041 0 |a spa 
245 1 0 |a La cadena agroindustrial de cebada, malta, cerveza , propuesta para la renegociacin̤ del TLCAN y polt̕ica de fomento para su reconstruccin̤ 
246 |a The barley, malt, beer agroindustrial chain : proposal for FTA and promotion policy for its rebuilding 
264 |a Bogot ̀(Colombia) :  |b Revista VirtualPRO,  |c 2007 
520 3 |a La corona de las exportaciones agroalimentarias de Mx̌ico es la cerveza. Casi mil millones de dl̤ares o el 12% de las divisas generadas por ese sector se obtienen a travš de las ventas de cerveza al exterior (Cuadro 1A del Anexo en el documento). No obstante, el beneficio real para el pas̕ es mn̕imo y tiende an͠ ms̀ a decrecer. Por un lado, la industria se reduce a un duopolio de empresas controladas por el capital transnacional: el Grupo Modelo, que es en 51% propiedad de Anheuser-Busch (Estados Unidos), y FEMSA, de la cual 30% es propiedad de Labatt (Canad)̀. Varios estudios realizados por investigadores de Estados Unidos indican que las polt̕icas de apertura comercial y los Tratados de Libre Comercio han propiciado una ola de fusiones y adquisiciones en el sector cervecero (cuadro 1 del documento) de las que ni los productores primarios de la cebada maltera ni los consumidores se vieron beneficiados.El presente documento tiene la intencin̤ de proponer polt̕icas comerciales y de fomento en beneficio de los productores primarios y de los consumidores, sin que el capital industrial nacional y el transnacional pierdan sus ganancias. 
650 \ \ |a Cerveza 
650 \ \ |a Cebada 
650 \ \ |a Bebidas alcohl̤icas - Anl̀isis 
650 \ \ |a Extracto de malta 
650 \ \ |a Industria cervecera 
650 \ \ |a Industria de bebidas 
650 \ \ |a Industria licorera 
650 \ \ |a Beer 
650 \ \ |a Barley 
650 \ \ |a Alcoholic beverages - Analysis 
650 \ \ |a Malt extracts 
650 \ \ |a Brewing industry 
650 \ \ |a Beverage industry 
650 \ \ |a Liquor traffic 
650 \ \ |a Anl̀isis de bebidas 
650 \ \ |a Intoxicantes 
650 \ \ |a Ventas de cerveza 
650 \ \ |a analysis beverages 
650 \ \ |a intoxicants 
650 \ \ |a Beer sales  
700 \ \ |a Schwentesius Rindermann Rita 
700 \ \ |a Aguilar ℓvila Jorge 
700 \ \ |a Gm̤ez Cruz Manuel ℓngel  
700 \ \ |a CIESTAAM 
856 |z La cadena agroindustrial de cebada, malta, cerveza , propuesta para la renegociacin̤ del TLCAN y polt̕ica de fomento para su reconstruccin̤  |u https://virtualpro.unach.elogim.com/biblioteca/la-cadena-agroindustrial-de-cebada-malta-cerveza-propuesta-para-la-renegociacion-del-tlcan-y-politica-de-fomento-para-su-reconstruccion